Ulangan Negara Dunia (Bahasa Indonesia) - Statistics

General Stats
  • This quiz has been taken 924 times
  • The average score is 82 of 196
Answers on the Map
Answers color-coded by a green-red scale on the quiz's map according to % correct below.
 
Answer Stats
Country % Correct
Indonesia
86%
Malaysia
80%
Rusia
79%
Jepang
77%
Australia
75%
Kanada
75%
Korea Selatan
75%
Korea Utara
75%
India
74%
Thailand
74%
Amerika Serikat
71%
Kamboja
71%
Laos
71%
Arab Saudi
70%
Filipina
70%
Vietnam
69%
Argentina
68%
Jerman
67%
Myanmar
67%
Papua Nugini
67%
Iran
66%
Mesir
66%
Prancis
66%
Israel
65%
Italia
65%
Turki
65%
Afrika Selatan
64%
Spanyol
64%
Belanda
63%
Brasil
63%
Denmark
63%
Irak
63%
Meksiko
63%
Pakistan
63%
Tiongkok
63%
Chili
62%
Portugal
62%
Afghanistan
61%
Mongolia
61%
Singapura
60%
Bangladesh
59%
Nepal
59%
Taiwan
59%
Ukraina
59%
Brunei Darussalem
58%
Polandia
58%
Oman
57%
Yaman
56%
Finlandia
55%
Norwegia
55%
Qatar
55%
Selandia Baru
55%
Sri Lanka
55%
Swedia
55%
Timor Leste
54%
Belgia
53%
Irlandia
53%
Islandia
53%
Yunani
53%
Kazakhstan
52%
Niger
52%
Swiss
50%
Belarus
49%
Bhutan
49%
Sudan
49%
Kolombia
48%
Republik DemokratikKongo
48%
Republik Kongo
48%
Uruguay
48%
Austria
47%
Madagaskar
47%
Panama
47%
Britania Raya
46%
Lebanon
46%
Maroko
46%
Paraguay
46%
Uzbekistan
46%
Nigeria
45%
Peru
45%
Venezuela
45%
Zimbabwe
45%
Bolivia
43%
Ceko
43%
Ekuador
43%
Estonia
43%
Georgia
43%
Kota Vatikan
43%
Kuba
43%
Uni Emirat Arab
43%
Yordania
43%
Latvia
42%
Somalia
42%
Aljazair
41%
Angola
41%
Bahrain
41%
Libya
41%
Tajikistan
41%
Turkmenistan
41%
Armenia
40%
Fiji
40%
Maladewa
40%
Mali
40%
Jamaika
39%
Monako
39%
Chad
38%
Albania
37%
Azerbaijan
37%
Kuwait
37%
Serbia
37%
Sudan Selatan
37%
Suriah
37%
Bulgaria
36%
Haiti
36%
Kenya
36%
Suriname
36%
Tunisia
36%
Dominika
35%
Honduras
35%
Ghana
34%
Guinea
33%
Rumania
33%
Zambia
33%
Andorra
32%
Kosta Rika
32%
Lithuania
32%
Moldova
32%
Palau
32%
Siprus
32%
Slovenia
32%
Vanuatu
32%
Bahama
31%
Bosnia dan Herzegovina
31%
Hongoria
31%
Etiopia
30%
El Salvador
29%
Guatemala
29%
Guyana
29%
Lesotho
29%
Tuvalu
29%
Liberia
28%
Malta
28%
Pantai Gading
28%
Senegal
28%
Tanzania
28%
Togo
28%
Nikaragua
27%
Belize
26%
Burundi
26%
Kamerun
26%
Luksemburg
26%
Negara FederasiMikronesia
26%
Uganda
26%
Barbados
25%
Benin
25%
Gabon
25%
Gambia
25%
Kiribati
25%
Kosovo
25%
Makedonia Utara
25%
Malawi
25%
Nauru
25%
Slowakia
25%
Antigua dan Barbuda
24%
Kirgizstan
24%
Namibia
24%
Republik Dominika
24%
San Marino
24%
Tonga
24%
Burkina Faso
23%
Mauritania
23%
Republik Afrika Tengah
23%
Samoa
23%
Botswana
22%
Eritrea
22%
Eswatini
22%
Montenegro
22%
Mozambik
22%
Kepulauan Solomon
21%
Rwanda
21%
Guinea-Bissau
20%
Mauritius
20%
Saint Lucia
20%
Trinidad dan Tobago
20%
Kepulauan Marshall
18%
Saint Kitts dan Nevis
18%
Saint Vincent danGrenadines
18%
Sierra Leone
18%
Grenada
17%
Komoro
17%
Kroatia
16%
Seychelles
16%
Guinea Khatulistiwa
15%
Liechtenstein
14%
São Tomé dan Príncipe
14%
Tanjung Verde
13%
Jibuti
9%
No matching quizzes found
Score Distribution
Percent of People with Each Score
Percentile by Number Answered
Your Score History
You have not taken this quiz